| 000 | 01651nam a2200361 c 4500 | ||
|---|---|---|---|
| 003 | BLK | ||
| 005 | 20220419104438.0 | ||
| 008 | 180408b bul|||||r ||||||| ||bul|| | ||
| 010 | _aKNG00087508000 | ||
| 020 |
_a978-954-01-2092-8 _bиздат.: Просвета |
||
| 040 | _aBLK | ||
| 041 |
_aBUL _cBUL |
||
| 080 |
_aИзобразително изкуство в основното училище _b372.875 _x(075.2) _z372.875(075.2) |
||
| 100 | 1 |
_aАнгелова, Лучия Малинова _eпърви автор _9369173 |
|
| 700 | 1 |
_aЛегкоступ, Пламен Анатолиев _eсъавт. _9368790 |
|
| 139 |
_aАнгелова, Лучия Малинова и др. _bА 64 |
||
| 245 | 1 | 0 |
_aИзобразително изкуство за ІІІ клас _cЛучия Малинова Ангелова; съавт. Пламен Анатолиев Легкоступ. |
| 250 | _a2. прераб. изд. | ||
| 257 | _aBGR | ||
| 260 |
_аСофия _bПросвета _c2008 _fСофия : Лито Балкан |
||
| 300 |
_a92 с. _bс цв. ил. _c29 см |
||
| 380 | _a3 | ||
| 500 | _aАвт. не са отбелязани на кор. - 1. изд. 2004. | ||
| 650 | 4 |
_aИзобразително изкуство - учебници за основни училища _9254793 |
|
| 653 | _aизобразително изкуство | ||
| 653 | _aучебници за основни училища | ||
| 653 | _aІІІ кл. | ||
| 852 | _aЦб ІІ 15484 | ||
| 856 | 4 |
_qpdf _u |
|
| 856 | 4 |
_qpdf _u |
|
| 942 |
_cKNG _n0 _01 |
||
| 944 |
_aCR _c27.01.2009 _lф / _kЛюдмила_Стоянова |
||
| 944 |
_aED _c09.07.2015 _lф / _kВиолета_Тройчева |
||
| 999 |
_c82971 _d82971 |
||